Les 10 plus gros succès français depuis 15 ans - Statistiques

Statistiques générales
  • Ce quiz a été pris 68 fois
  • Le résultat moyen est 5 sur 10
Statistiques - réponses
Indice Indice N°2 Réponse % Correct
2011 - Éric Toledano / Olivier Nakache19 273 333 entrées depuis décembre 2011 Omar Sy Intouchables
98%
2014 - Éric Lartigau7 452 080 entrées depuis décembre 2014 Louane La Famille Bélier
86%
2014 - Philippe de Chauveron12 366 862 entrées depuis avril 2014 Christian Clavier Qu'est-ce qu'on a fait au bon Dieu ?
82%
2019 - Philippe de Chauveron6 721 637 entrées depuis janvier 2019 Christian Clavier Qu'est-ce qu'on a encore fait au bon Dieu ?
57%
2024 - Artus7 millions d'entrées depuis le 1er mai 2024 (en cours) Clovis Cornillac Un p'tit truc en plus
52%
2011 - Dany Boon8 138 745 entrées depuis février 2011 Benoît Poelvoorde Rien à déclarer
49%
2010 - Guillaume Canet5 457 251 entrées depuis octobre 2010 Jean Dujardin Les petits mouchoirs
29%
2018 - Dany Boon5 627 770 entrées depuis février 2018 Line Renaud La Ch'tite famille
25%
2018 - Olivier Baroux 5 688 474 entrées depuis janvier 2018 Jean-Paul Rouve Les Tuche 3
22%
2009 - Laurent Tirard5 608 770 entrées depuis septembre 2009 Kad Merad Le Petit Nicolas
17%
Aucun quiz correspondant
Distribution des résultats
% des personnes avec chaque résultat
Percentile par nombre de réponses
Votre historique - résultats
Vous n’avez pas pris ce quiz